00549 a2200157 4500003000500000005001700005020001500022040000900037082001600046100002100062245007000083260003100153300001000184505017300194650002400367Nust20230504133101.0 a8130706121 cNust a973.099,LAS aLaski, Harold J. aThe American Presidency : bAn Interpretation / cHarold J. Laski aNew DelhibCasmo Pub62007 a278 p aIntroduction (Page-1), The President and His Cabinet (Page-70), The President and Congress (Page-111), Foreign Relations (Page-156), Concluding Observations (Page-228). aAmerican Presidency